00585nam a2200217 a 4500001001300000003000900013005001700022008004100039020001000080082001500090100001800105245002900123260003700152300000900189500003500198505001000233505006900243650002100312700001600333700001800349nice12345678IN_TiNIC20260116011519.0050524s1909 lona grp 000 0 eng  ac10000a287.6bTOW aTownsend, W J aNew History of Methodism aLondonbHodder & Stoughtonc1909 a598p aincludes index and biblioraphy2 aIndex2 aIndex00gV1.tNew History of Methodism.--gV2.tNew History of M aMethodist Church1 aH B Workman1 aEayrs, George